000 01257cam a2200133 4500500
005 20251214002559.0
041 _afre
042 _adc
100 1 0 _aReuter, Yves
_eauthor
245 0 0 _aIntroduction à l'analyse du roman
260 _bArmand Colin,
_c2016.
520 _aMultiplicité et diversité des romans suscitent souvent chez les étudiants un certain « désarroi méthodologique ». Existe-t-il des notions ou des démarches, claires et transférables, susceptibles de les aider dans l’analyse, quel que soit le texte considéré ? Cet ouvrage tente de répondre à cette préoccupation au moyen de la narratologie, qui étudie l’organisation interne des écrits, met en lumière les points communs à partir desquels s’élaborent les différences et fournit des instruments descriptifs et utilisables dans les cadres interprétatifs les plus divers. Après un rappel historique des mutations du roman, chacun des chapitres de la partie méthodologique expose les notions essentielles en s’appuyant sur des exemples et en proposant des applications et une bibliographie précise sur le thème traité.
856 4 1 _uhttps://shs.cairn.info/introduction-a-l-analyse-du-roman--9782200616809?lang=fr&redirect-ssocas=7080
999 _c1567175
_d1567175